| 000 | 00863nas a2200301 4500 | ||
|---|---|---|---|
| 001 | BR0702989 | ||
| 003 | BR-BrBNA | ||
| 005 | 20231205110834.0 | ||
| 007 | ta | ||
| 008 | 230509b bl.|||p| |||| 00| 00por d | ||
| 040 |
_aBR-BrBNA _bpor _cBiblioteca Nacional de Agricultura |
||
| 041 | _a(Pt) | ||
| 072 | _aL02 | ||
| 100 | 1 | _aAlves, F.S.F. | |
| 100 | 1 | _aCox, M. | |
| 245 | 1 | _aColostro caprino e sua importância imunológica e nutritiva | |
| 650 | _aCAPRINO | ||
| 650 | _aCABRA | ||
| 650 | _aCOLOSTRO | ||
| 650 | _aNUTRIÇÃO ANIMAL | ||
| 650 | _aTRATAMENTO TÉRMICO | ||
| 650 | _aPASTEURIZAÇÃO | ||
| 650 | _aIMUNOLOGIA | ||
| 650 | _aIMUNOGLOBULINA | ||
| 773 | 0 |
_tCiência Veterinária nos Trópicos (Brazil) _xISSN 1415-6326 _g(May-Aug 1999), v. 2(2) p. 131-135 _wBR0702989 |
|
| 909 |
_a202311 _bLúcia _c55 _dLúcia Elande |
||
| 942 |
_2AGRIS _n0 _cANA |
||
| 999 |
_c189364 _d189364 |
||